ENSAYO SOBRE EL CAMPESINADO EN MEXICO

Збережено в:
Бібліографічні деталі
Автор: Warman, Arturo (autor)
Формат: Книга
Теги: Додати тег
Немає тегів, Будьте першим, хто поставить тег для цього запису!

MARC

LEADER 00000nam^a2200000^a^4500
001 000212703
005 20250521000000.0
009 20260310103504.015
035 |a 024934 
037 |a Acervo Xavier Clavigero 
082 |a 393. WAR 
100 |a Warman, Arturo  |e (autor) 
245 1 0 |a ENSAYO SOBRE EL CAMPESINADO EN MEXICO 
264 |a México :  |b Nueva Imagen,  |c 1980 
336 |a texto  |b txt  |2 rdacontenido 
337 |a sin mediación  |b n  |2 rdamedio 
338 |a volumen  |b nc  |2 rdasoporte 
649 |a XX 
910 |a Fondo General 
920 |a Impresos - Libros 
930 |a Colección General 
905 |a 101 
901 |a 024934  |b IT1  |c ACC  |i 024934  |u 20250521 
901 |a 019391  |b IT1  |c ACC  |i 019391  |u 20250521 
901 |a 003198  |b IT1  |c ACC  |i 003198  |u 20250521 
901 |a 001223  |b IT1  |c ACC  |i 001223  |u 20250521 
902 |a https://opac.biblio.iteso.mx/vufind/Record/000212703